Normal view
MARC view
- M. Tayyab Malik
Entry Personal Name
001 - CONTROL NUMBER
- control field: 93100
003 - CONTROL NUMBER IDENTIFIER
- control field: NUST
005 - DATE AND TIME OF LATEST TRANSACTION
- control field: 20220705192315.0
008 - FIXED-LENGTH DATA ELEMENTS
- fixed length control field: 220705|| aca||aabn | a|a d
040 ## - CATALOGING SOURCE
- Original cataloging agency: NUST
- Transcribing agency: NUST
100 ## - HEADING--PERSONAL NAME
- Personal name: M. Tayyab Malik
670 ## - SOURCE DATA FOUND
- Source citation: Work cat.: (NUST)9201: M. Tayyab Malik, Adaptive Mobility and Resource Management for 4G Wireless Inter networking, 2007.
